| 000 | 00643nam a22002417a 4500 | ||
|---|---|---|---|
| 003 | UA-OsUOA | ||
| 001 | 35231 | ||
| 007 | ta | ||
| 008 | 20051111b un ||||| |||| 00| 0 ukr d | ||
| 100 | _aСкулленд М. М. | ||
| 090 |
_a268 _bС-46 |
||
| 942 | _cBK | ||
| 040 |
_aUA-OsUOA _bukr _cUA-OsUOA _dUA-OsUOA |
||
| 245 | _aХристиянське віровчення для дітей | ||
| 300 | _a208 с. | ||
| 955 | _a2 | ||
| 041 | _aukr | ||
| 080 | _a268 | ||
| 020 | _a5-86892-215-8 | ||
| 260 |
_aМ. _b"Протестант" _c1993 |
||
| 650 | 7 |
_a26 Християнська Церква загалом _2UDC |
|
| 999 |
_c321628 _d321628 |
||